| 000 | 01283nam a2200325 c 4500 | ||
|---|---|---|---|
| 999 |
_c189869 _d189869 |
||
| 003 | BLK | ||
| 005 | 20210825095125.0 | ||
| 008 | 180411b bul|||||r ||||||| ||bul|| | ||
| 010 | _aKNG00198919000 | ||
| 020 | _a978-954-26-1577-4 | ||
| 040 | _aBLK | ||
| 041 |
_aBUL _cBUL |
||
| 072 | 7 |
_2bullib _aН84 _xБългарска художествена литература Н |
|
| 080 |
_aБългарска литература _b821.163.2 _x-4 _z821.163.2-4 |
||
| 100 | 1 |
_aИванова, Мирела Цветкова _eпърви автор _9368469 |
|
| 139 |
_aИванова, Мирела Цветкова _bИ 22 |
||
| 245 | 1 | 0 |
_aПлощад България _bВисоки патоси и всекидневни притчи _cМирела Иванова. |
| 257 | _aBGR | ||
| 260 |
_aПловдив _bХермес _c2016 _fСофия : Алианс Принт |
||
| 300 |
_a248 с. _c21 см |
||
| 380 | _aX | ||
| 490 |
_aСерия Перо _9209111 |
||
| 500 | _aБиогр. данни за авт. отбелязани на кор. | ||
| 659 | _aН | ||
| 852 | _aЦб 283922 | ||
| 856 | 4 | _qpdf | |
| 856 | 4 | _qpdf | |
| 942 |
_cKNG _n0 _s1 _03 |
||
| 944 |
_aCR _c04.01.2017 _kВиолета_Тройчева |
||
| 944 |
_aED _c27.01.2017 _kГрета_Цуфелде |
||
| 999 | _d189869 | ||